Normal view MARC view
  • The All Iindia reporter

Entry Personal Name

Number of records used in: 1

001 - CONTROL NUMBER

  • control field: 5761

003 - CONTROL NUMBER IDENTIFIER

  • control field: OSt

005 - DATE AND TIME OF LATEST TRANSACTION

  • control field: 20200603154906.0

008 - FIXED-LENGTH DATA ELEMENTS

  • fixed length control field: 200603|| aca||aabn | a|a d

040 ## - CATALOGING SOURCE

  • Original cataloging agency: OSt
  • Transcribing agency: OSt

100 ## - HEADING--PERSONAL NAME

  • Personal name: The All Iindia reporter

670 ## - SOURCE DATA FOUND

  • Source citation: Work cat.: (OSt): The All Iindia reporter , The All Iindia reporter 1987(V-74) SUPRIM COURT Section, 1987